[Event "Rome Lazio op 2nd"]
[Site "Rome"]
[Date "2014.01.03"]
[Round "3"]
[White "Trebeschi, Andrea"]
[Black "Molinari, Carlo"]
[Result "1-0"]
[WhiteElo "2020"]
[BlackElo "1913"]
[PlyCount "163"]
[EventDate "2014.01.02"]
[EventType "swiss"]
[EventRounds "7"]
[EventCountry "ITA"]
[SourceTitle "EXT 2015"]
[Source "ChessBase"]
[SourceDate "2014.11.20"]
[SourceVersion "1"]
[SourceVersionDate "2014.11.20"]
[SourceQuality "1"]

1. e4 d6 2. d4 Nf6 3. Nc3 g6 4. h3 Bg7 5. g3 0-0 6. Bg2 c6 7. a4 Qc7 8. Nge2 e5 9. 0-0 Nbd7 10. Be3 b6 11. g4 Bb7 12. f4 exd4 13. Bxd4 Rad8 14. Ng3 Ba6 15. Rf2 Qb8 16. g5 Ne8 17. Bxg7 Nxg7 18. Qd2 Bb7 19. Rd1 Nc5 20. b4 Na6 21. Na2 d5 22. e5 Bc8 23. Qe3 Nc7 24. Rfd2 Bf5 25. c3 Nce6 26. Nc1 Qc8 27. Nce2 Qa6 28. Ra1 Qc4 29. Bf1 Qb3 30. Nc1 d4 31. Rxd4 Qc2 32. Rxd8 Rxd8 33. Ra2 Qd1 34. Kf2 Bc2 35. Be2 Rd2 36. Nf1 Rxe2+ 37. Nxe2 Nh5 38. Qd2 Bb3 39. Qxd1 Bxd1 40. Ke3 Bxe2 41. Rxe2 Nhxf4 42. Rd2 Nd5+ 43. Kd3 Nxg5 44. Ne3 Nf4+ 45. Kc2 Nf3 46. Rd8+ Kg7 47. Nc4 b5 48. axb5 cxb5 49. Nd6 Nxh3 50. Nxb5 Nxe5 51. Nxa7 Nf4 52. b5 Ne6 53. Rd5 Nc4 54. Kb3 Na5+ 55. Kb4 Nb7 56. b6 h5 57. Nc6 h4 58. Kb5 h3 59. Rd3 Nf4 60. Rd1 g5 61. Na5 Ne2 62. Rh1 Nxc3+ 63. Kc4 Nxa5+ 64. Kxc3 g4 65. Kb4 Nb7 66. Kb5 Nd8 67. Kc5 f5 68. Kd6 Nb7+ 69. Ke5 Kg6 70. Kf4 Nd6 71. Rb1 Nb7 72. Rc1 Nd8 73. Rc8 Ne6+ 74. Kg3 Nc5 75. Rxc5 Kg5 76. b7 h2 77. Kxh2 Kh4 78. Rxf5 g3+ 79. Kg2 Kg4 80. Rf3 Kh4 81. Rxg3 Kh5 82. b8Q 1-0